000 00365nam a2200133Ia 4500
008 220217s9999||||xx |||||||||||||| ||und||
020 _a81-203-2014-X
082 _a005.16 WIR
100 _aWirasinha, Anushka
_93632
245 0 _aVisually learn PC
260 _aPrentice hall of india
_bNew Delhi
_c2002
300 _b195
650 _aUPGRADING AND REPAIRING
999 _c172317
_d172317